01633nam a2200349 i 450000100060000000300090000600500170001500800390003201500160007103500210008704000280010808000180013624504170015424600470057124600500061824600620066826000520073030000270078238000170080938800140082654600830084065800280092365800210095165000220097265000170099465000200101165500290103170000450106070000350110571000450114085600980118512466KOSZ 00520191018140640.0990506s1961 pl f d |000 0 mul aPB 1961/205 a(OCoLC)830233240 aWA NcWA NdKOSZ 005/HR a621.3(038)=0000aMiędzynarodowy słownik terminologii elektrycznej =bInternational electrotechnical vocabulary = Vocabulaire électrotechnique international = Meždunarodnyj èlektrotechničeskij sbornik terminov.n2. Dział 10,pMaszyny i transformatory.nDział 11,nPrzekształtniki.nDział 12,pTransduktory /c[oprac. Bolesław Dubicki et al. ; red. Jan R. Świtkowski] ; Międzynarodowa Komisja Elektrotechniczna.31aInternational electrotechnical vocabulary.31aVocabulaire électrotechnique international.31aMeždunarodnyj èlektrotechničeskij sbornik terminov. aWarszawa :bPaństw. Wydaw. Techniczne,c1961. aVIII, 127 s. ;c30 cm. aKsiążki. a1901-2000 aTekst równol. w jęz. pol., hol., ang., fr., niem., wł., ros., hisz., szw. aInżynieria i technika aJęzykoznawstwo 4aElektryczność 4aTerminologia 4aElektrotechnika 4aSłownik wielojęzyczny1 aDubicki, Bolesławd(1906-1990).eOprac.1 aŚwitkowski, Jan R.eRedakcja2 aPaństwowe Wydawnictwa Techniczne4pbl. uhttp://koha.tu.koszalin.pl/cgi-bin/koha/opac-detail.pl?biblionumber=12466yKatalog online BPK